| 000 | 01100nmc a2200373 a 4500 | ||
|---|---|---|---|
| 003 | AR-BaBNM | ||
| 005 | 20251128210442.0 | ||
| 008 | 190020s1999 ||||||||||||||000 | spa|| | ||
| 020 | _a987-9145-09-7 | ||
| 040 | _cAR-BaBNM | ||
| 100 | 1 | _aWeinberg, Gregorio | |
| 245 | 1 | 0 | _aSarmiento, Bello, Mariátegui y otros ensayos |
| 250 | _a1ª ed. | ||
| 260 |
_aBuenos Aires _bAcademia Nacional de Educación _c1999 |
||
| 300 | 0 | _a166 p. | |
| 490 | 0 |
_aEstudios _vv. 16 |
|
| 500 | 0 | _aEjemplar 139473: con dedicatoria del autor | |
| 600 | 1 | 4 |
_aSarmiento, Domingo Faustino _d1868-1874 |
| 600 | 1 | 4 |
_aBello, Andrés _d1781-1865 |
| 600 | 1 | 4 |
_aVarela, José Pedro _d1845-1879 |
| 600 | 1 | 4 | _aBolívar, Simón |
| 600 | 1 | 4 | _aRodríguez, Simón |
| 600 | 1 | 4 | _aMariátegui, José Carlos |
| 650 | 4 | _aHISTORIA DE LA EDUCACION | |
| 650 | 4 | _aSIGLO DIECINUEVE | |
| 650 | 4 | _aUNIVERSIDADES | |
| 650 | 4 | _aPLANIFICACION DE LA UNIVERSIDAD | |
| 651 | 4 | _aAmérica Latina | |
| 653 | 0 | _aEDUCACION SUPERIOR | |
| 653 | 0 | _aSISTEMA LANCASTER | |
| 653 | 0 | _aEDUCACION PUBLICA | |
| 942 | _cBK | ||
| 998 | _cMariana | ||
| 999 |
_c15524 _d15524 |
||